000 00916nam a22003017a 4500
003 CHAP
005 20220329141012.0
008 971013s r 00010 d
010 _a61128
011 _a62100
035 _a66274
040 _cCHAP
090 _aR-3799
100 0 0 _aRzedowski Rotter, Jerzy.
_9101052
245 1 _aAlgunas tendencias evolutivas en Bursera (Burseraceae)
500 _aSobretiro de : Taxon 28 (1,2/3) : 103-116, 1979
590 _aBATCH-UPD
_b10
_c20130110
_lUCH01
_h0829
590 _aBATCH-UPD
_b10
_c20130410
_lUCH01
_h0507
590 _aBATCH-UPD
_b10
_c20130914
_lUCH01
_h0757
590 _aCONVERSION
_b10
_c20130109
_lUCH01
_h1333
650 1 4 _aÁrboles tropicales.
_982448
650 1 4 _aBursera.
_916284
650 1 4 _aEvolución (Plantas)
_939010
700 0 _aKruse, H.
_963997
901 _aBK
942 _cREIMP
949 _aR-3799
_bBC
_cR
_d33724000640686
_eTS1
_i66274
_si
999 _c61128
_d61128